Diccionario oxford pocket : edición rioplatense para estudiantes argentinos y uruguayos de inglés /
Guardado en:
| Formato: | Libro |
|---|---|
| Publicado: |
Inglaterra :
Oxford University Press,
2010
|
| Materias: | |
| Etiquetas: |
Agregar Etiqueta
Sin Etiquetas, Sea el primero en etiquetar este registro!
|
| LEADER | 01465nam a22003015a 4500 | ||
|---|---|---|---|
| 001 | CEM.cems017414 | ||
| 008 | 130507s2010##################000#0#####d | ||
| 005 | 20260520074630.0 | ||
| 245 | 0 | 0 | |a Diccionario oxford pocket : |b edición rioplatense para estudiantes argentinos y uruguayos de inglés / |c Editado Por Judith Willis, Patrick Goldsmith y María ángeles Pérez Alonso |
| 260 | |a Inglaterra : |b Oxford University Press, |c 2010 | ||
| 300 | |a 691 p. | ||
| 020 | |a 9780194312455 | ||
| 082 | 0 | 4 | |a 423.6 |
| 653 | |a Diccionarios | ||
| 653 | |a Diccionarios bilingües | ||
| 653 | |a Inglés-diccionarios | ||
| 859 | |a CEMS |b BIB. CEMS - Agricultura |h 423.6 |i Ox2 |p A1177.10 |t Ej.1 | ||
| 859 | |a CEMS |b BIB. CEMS - Agricultura |h 423.6 |i Ox2 |p A1178.10 |t Ej.2 | ||
| 859 | |a CEMS |b BIB. CEMS - Agricultura |h 423.6 |i Ox2 |p A1179.10 |t Ej.3 | ||
| 859 | |a CEMS |b BIB. CEMS - Agricultura |h 423.6 |i Ox2 |p A1180.10 |t Ej.4 | ||
| 859 | |a CEMS |b BIB. CEMS - Agricultura |h 423.6 |i Ox2 |p A1181.10 |t Ej.5 | ||
| 859 | |a CEMS |b BIB. CEMS - Agricultura |h 423.6 |i Ox2 |p A1182.10 |t Ej.6 | ||
| 859 | |a CEMS |b BIB. CEMS - Agricultura |h 423.6 |i Ox2 |p A1183.10 |t Ej.7 | ||
| 859 | |a CEMS |b BIB. CEMS - Agricultura |h 423.6 |i Ox2 |p A1184.10 |t Ej.8 | ||
| 859 | |a CEMS |b BIB. CEMS - Agricultura |h 423.6 |i Ox2 |p A1185.10 |t Ej.9 | ||
| 859 | |a CEMS |b BIB. CEMS - Agricultura |h 423.6 |i Ox2 |p A1186.10 |t Ej.10 | ||
| 859 | |a CEMS |b BIB. CEMS - Agricultura |h 423.6 |i Ox2 |p A1187.10 |t Ej.11 | ||
| 859 | |a CEMS |b BIB. CEMS - Agricultura |h 423.6 |i Ox2 |p A4184.26 |t Ej.12 | ||
